Kimlik bedenin hapishanesidir (Record no. 9589)

MARC details
000 -BAŞLIK
Sabit Uzunlukta Kontrol Alanı 01022na a2200313 4500
001 - KONTROL NUMARASI
Denetim Alanı 12626
003 - KONTROL NUMARASI IDENTIFIER
Denetim Alanı MIRAKIL
005 - SON İŞLEM TARİHİ VE ZAMANI
Denetim Alanı 20181213155251.0
008 - SABİT-BOY VERİ ELEMANLARI - GENEL BİLGİLER
Sabit Uzunlukta Kontrol Alanı 160824b tu 000 0
020 ## - ULUSLARARASI STANDART KİTAP NUMARASI
Uluslararası Standart Kitap Numarası 9786053991984
035 ## - SİSTEM KONTROL NUMARASI
Sistem Kontrol Numarası 12626
040 ## - KATALOGLAMA KAYNAK
Orijinal Kataloglama Ajansı Milas
Kataloglama Dili tur
Metne Dönüştürmek Ajansı TR-AnCHP
082 ## - DEWEY ONLU SINIFLANDIRMA NUMARASI
Sınıflandırma Numarası 193
Ürün Numarası E63k 2011
090 ## - SINIFLAMA NUMARASI
Sınıflama Numarası 193 E63k 2011
100 ## - ANA GİRİŞ - KİŞİSEL İSİM
Kişisel Ad Ergün, Reyda
245 ## - BAŞLIK TABLOSU
Başlık Kimlik bedenin hapishanesidir
Başlığın Kalan Spinoza üzerine yazılar ve söyleşiler
Sorumluluk Tablosu, Vb Reyda Ergün, Cemal Bali Akal.
246 ## - UNVAN FORM VARYING
Başlık Doğru / Kısa Başlığı Spinoza üzerine yazılar ve söyleşiler
260 ## - YAYIN, DAĞITIM, VB
Yayın, Dağıtım, Vb Yeri İstanbul
Yayıncı, Dağıtıcı, Vs Adı İstanbul Bilgi Üniversitesi Yayınları
Yayın, Dağıtım, Vb Tarihi 2011
300 ## - FİZİKSEL TANIM
Kapsam viii, 175 s.
Boyutlar 23 sm.
490 ## - SERİSİ TABLOSU
Seri Beyanı Felsefe dizisi
Hacim / Ardışık Tanımı 12
490 ## - SERİSİ TABLOSU
Seri Beyanı İstanbul Bilgi Üniversitesi yayınları
Hacim / Ardışık Tanımı 340
504 ## - KAYNAKÇA VB NOT
Kaynakça Vb Notu Kaynakça ve dizin var.
600 ## - KONU KATMA GİRİŞ - KURUMSAL ADI
Kişisel Ad Spinoza, Benedictus de
Bir Adıyla İlişkilendirilen Tarihler 1632-1677
Genel Alt Bölümü Felsefe
650 ## - KONU KATMA GİRİŞ - TOPİKAL DÖNEM
Topikal Süreli Veya Coğrafi Ad Giriş Elemanı Siyaset (Felsefe)
Genel Alt Bölümü Alman filozoflar
650 ## - KONU KATMA GİRİŞ - TOPİKAL DÖNEM
Topikal Süreli Veya Coğrafi Ad Giriş Elemanı Çağdaş felsefe
650 ## - KONU KATMA GİRİŞ - TOPİKAL DÖNEM
Topikal Süreli Veya Coğrafi Ad Giriş Elemanı Filozoflar
Coğrafi Alt Bölümü Almanya
700 ## - KATMA GİRİŞ - KİŞİSEL İSİM
Kişisel Ad Akal, Cemal Bali
942 ## - EKLENDİ GİRİŞ ELEMANLARI (KOHA)
Sınıflandırma Veya Raf Düzeni Kaynak Dewey Decimal Classification
Koha Öğesi Türü Books
999 ## - SİSTEM KONTROL NUMARALARI (KOHA)
Koha Biblionumber 9589
Koha Biblioitemnumber 9589
Holdings
Kalıcı Konum Mevcut Konum Edinme Tarihi Edinim Kaynak Toplam Check-Out'Lar Tam Çağrı Numarası Barkod Tarih Son Görülme İtibaren Geçerli Fiyatlar Koha Öğesi Türü
CHP Kütüphanesi CHP Kütüphanesi 07/29/2016 Bağış   193 E63k 2011 000155 07/29/2016 07/29/2016 Books